Marcatori dell'Inghilterra agli Europei - Polonia-Ucraina 2012 - Statistics

Statistiche generali
  • Questo quiz è stato fatto 3 volte
  • Il punteggio medio è 2 su 5
Statistiche sulle risposte
Partita Minuto Marcatore % Corretto
Svezia - Inghilterra 2-3 78 Danny Welbeck
100%
Inghilterra - Ucraina 1-0 48 Wayne Rooney
67%
Svezia - Inghilterra 2-3 23 Andy Carroll
0%
Francia - Inghilterra 1-1 30 Joleon Lescott
0%
Svezia - Inghilterra 2-3 64 Theo Walcott
0%
Nessun quiz corrispondente trovato
Distribuzione punteggi
Percentuale di utenti per punteggio
Percentile per numero di risposta
I tuoi punteggi nel tempo
Non hai fatto questo quiz